02530nam a2200325 a 4500003000500000005001700005007000300022008004100025020002200066040001700088041002700105082002800132100004100160245009100201250001600292264004900308300004300357336002700400337002700427338002800454500001800482500008000500500009500580505101700675520035201692534002302044650004702067650005402114650003602168CHAP20240626101829.0ta240509t2013 sp a|||frf||| 001 0 spa d a978-84-15792-69-7 aZcCHAPerda0 bEspañoñfEspañol00aC 636.083bP56 20132201 aPinto Rodríguez, Jeremíaseautor10aOperaciones básicas de control sanitario de animales /cJeremías Pinto Rodríguez a1 edición 1a Málaga, España :bIC Editorial,c©2013 a141 páginas :bilustraciones, tablas 2rdacontentatextobtxt 2rdamediaasin mediobn 2rdacarrieravolumenbnc aej.1: consumo aEn cubierta: UF0159: Operaciones básica de control sanitario de animales. aEn cubierta: Certificado de profesionalidad AGAX0108-Actividades auxiliares en ganadería00aCapítulo 1. Prevención y tratamiento de enfermedades de animales.-- 1. Introducción.-- 2. Tratamiento higiénico-sanitario para animales.-- 3. Aplicación de programas vacúnales y antiparasitarios en animales de reposición, crías, producción de leche y huevos.-- 4. Aplicación de tratamientos preventivos a la llegada de los animales a la explotación.-- 5. Observación de animales enfermos.-- 6. Aplicación de tratamientos preventivos y/o curativos.-- 7. Registro de tratamientos.-- 8. Pérdida de bienestar de los animales: situaciones de estrés.-- 9. Medidas de actuación ante animales muertos en la explotación.-- 10. Resumen.-- Ejercicios.-- Capítulo 2. Normativa básica vigente en el ámbito europeo, nacional, autonómico y local relacionada con este módulo.-- 1. Introducción.-- 2. Normativa sobre prevención de riesgos laborales.-- 3. Normativa sobre bienestar animal.-- 4. Normativa sobre sanidad animal.-- Resumen.-- Ejercicios de repaso y autoevaluación. aDefinir el estado de bienestar general y de salud de los animales y detectarlo mediante el control ambiental, la alimentación y la observación de signos característicos, comunicando el mismo según protocolos establecidos. Detallar las operaciones básicas de control de animales enfermos y realizar la correcta aplicación de los mismos. pTítulo original:13aMantenimiento del bienestar animalxNormas17aBienestar animalxMedidas sanitarias; saneamiento13aSalud animalxCuidado e higiene